MDQL
is popping MORE tags! Check the
thread
!
Quizzes
Events
Quiz Creation
Community
Videos
Private Events
Remove Ads
Sign In
Join for FREE
Feedback
Dark Mode
Quiz Categories
Sports
Geography
Music
Movies
Television
Just For Fun
Miscellaneous
History
Literature
Language
Science
Gaming
Entertainment
Religion
Holiday
For Kids
Quiz Lab
Recent
Popular Today
Quiz Kudos Today
Editor Picks
Curator Picks
Quizzes by...
Day
Popularity
Type
Ratings
Length
Year
Community
Subscriptions
Recent Discussions
Orange Saloon
Badges
Playlists
Quests
Create
Leaderboards
Showdown
Live 5
Trivia Bingo
Activity
Puzzle Library
Sporcle Events
Private Events
Virtual Trivia
Globe League
Become a Host
Pub Owners
SporcleCon
Opinionation
Our Games
Videos
Blog
Mobile Apps
Partnerships
Remove Ads and Go Orange
Feedback
Geography
Country
Landmarks
City
State
Population
World
Capital
Continent
Flags
Europe
Africa
Asia
South America
North America
Oceania
Border
Canada
United Kingdom
Topography
United States
Geography
Country
Landmarks
City
State
Population
World
Capital
Continent
Flags
Europe
Africa
Asia
South America
North America
Oceania
Border
Canada
United Kingdom
Topography
United States
Random Quiz
Search Sporcle
×
Quiz Lab
Quiz Lab
Geography
United States
Type in answers that appear in a list
Type in answers that appear in a list
Classic
Best Score? Go Orange.
US-Centric Cities Stats
Can you name the Cities (Population > 100,000) Closest to Geographic Center of the 48 Conterminous United States?
By
save_ferris15
5m
25 Questions
372 Plays
372 Plays
372 Plays
Comments
Comments
Give Quiz Kudos
Give Quiz Kudos
-
- Ratings
hide this ad
More Info
Replay
Link that replays current quiz
Next Quiz
Link to next quiz in quiz playlist
You Got
0%
They Got
Avg Score
69%
Avg Friend Score
Upgrade to see
Score Distribution
Jump to the score distribution portion of the page
Score
0/25
Timer
05:00
0
Plays Today
Miles from Center
City
% Correct
219.3
Kansas City, Missouri
97.3%
216.12
Kansas City, Kansas
97.3%
307.09
Oklahoma City, Oklahoma
94.9%
167.87
Omaha, Nebraska
94.6%
290.49
Tulsa, Oklahoma
93.5%
120.63
Lincoln, Nebraska
92.7%
340.53
Denver, Colorado
92.2%
162.17
Wichita, Kansas
91.9%
287.95
Des Moines, Iowa
88.2%
163.19
Topeka, Kansas
87.6%
341.38
Colorado Springs, Colorado
84.1%
332.65
Aurora, Colorado
74.2%
275.6
Sioux Falls, South Dakota
71.8%
Miles from Center
City
% Correct
217.01
Overland Park, Kansas
70.7%
338.62
Springfield, Missouri
62.6%
228.28
Independence, Missouri
57.3%
347.78
Fort Collins, Colorado
57.3%
324.66
Norman, Oklahoma
55.9%
339.48
Columbia, Missouri
49.5%
341.86
Pueblo, Colorado
48.7%
211.53
Olathe, Kansas
47.6%
347.06
Lakewood, Colorado
36.8%
334.91
Centennial, Colorado
31.7%
338.91
Thornton, Colorado
26.3%
343.06
Westminster, Colorado
26.1%
Quiz Playlist
Details
Report
Send in Message
Add To Playlist
More Info:
The geographic center of the United States is located near Lebanon, Kansas.
Classic:
Type in answers that appear in a list
Quiz Source
Last Updated: Feb 16, 2017
Quiz Scoreboard
CHALLENGE
Sign Up to Join the Scoreboard
Show All
Scores
Hide
Comments
May contain spoilers
Recently Published
Famous 'C' Women
by xyz_
Entertainment
6m
Holiday 10x10 Sorting Gallery
by lukepisani3
Holiday
15m
Two Season TV Shows II
by 123Four
Television
10m
More to Explore
Quiz From the Vault
Featured Blog Post
14 Easter Pick-up Lines to Find Eggs With
hide this ad
You Might Also Like...
Tags
City Quiz
United States Quiz
Center
closest
Kansas
Today's Top Quizzes in Geography
Browse Geography
hide this ad
Today's Top Quizzes in United States
Browse United States
Top Contributed Quizzes in Geography
1
Colored Red Europe Blitz I
2
Countries of the World - No Outlines Minefield
3
Colored Red Africa Blitz II
4
Colored Red Europe Blitz II
5
Colored Red Europe Blitz III
6
Colored Red Africa Blitz III
7
Colored Red States Blitz I
8
A Different View: World Oceans
9
Colored Red States Blitz II
10
Colored Red States Blitz III
Explore More
Trending Topics
NBA
Disney
Crossword
Marvel
Kpop
Anime
Harry Potter
Pokémon
Puzzle
Song
Country
NFL
The Office
WWE
Soccer
hide this ad
More By:
save_ferris15
Quiz
Plays
Rating
Category
Featured
Created
Most Populous US Cities Minefield
378,808
3.53
Geography
Apr 23, 2012
Populous US Capitals Minefield
153,726
4.32
Geography
Oct 15, 2011
Populous Cities in Populous States
110,320
4.62
Geography
Aug 28, 2011
Populous Metros Sorting Gallery
103,738
4.27
Geography
Mar 29, 2012
Populous Cities in Populous States II
72,881
4.64
Geography
Sep 1, 2011
Go to Creator's Profile
Score Distribution
Quiz Creator Spotlight
save_ferris15
Follow
Send a Message
Quizzes Created
-
Created Quiz Play Count
-
More By This Creator
Popular Quizzes Today
1
Find the US States - No Outlines Minefield
2
Colored Red Africa Blitz
3
Find the 'City' Movie
4
The Countries of the World
5
Find the US States
6
5x2 Blitz: Bands
7
Find the Countries of Europe - No Outlines Minefield
8
US States
More Geography Quizzes
15 Top-Rated Tourist Attractions in Texas
Quiz Lab
Trending Quizzes
Colored Red Europe Blitz I
Colored Red Europe Blitz II
Colored Red Africa Blitz II
Colored Red Africa Blitz III
Colored Red Europe Blitz III
Recently Updated
Odd Team Out - Big 4 Players
pecheneg
Quick Pick: 20 Twenties
pecheneg
March Madness Men's Triple Doubles
pecheneg
How Do You Spell That?
pecheneg
Godzilla Movies
pecheneg
Grab Bag: 4-10 Letters
pecheneg
2024 March Madness Bracket
pecheneg
Famous TV Couples
Peacemaker
Champions League XIs: Real Madrid
pecheneg
Largest US Cities 1790-2010
pecheneg
Trending Topics
Anime
Kpop
Marvel
NBA
Disney
Harry Potter
Crossword
WWE
Soccer
Song
Puzzle
NFL
The Office
Country
Pokémon
Your Account Isn't Verified!
In order to create a playlist on Sporcle, you need to verify the email address you used during registration. Go to your
Sporcle Settings
to finish the process.
Report this User
Report this user for behavior that violates our
Community Guidelines
.
Details:
Send Report
Go to the Sporcle.com Mobile Site →
Comments